ბათუმის შოთა რუსთაველის სახელმწიფო უნივერსიტეტის ბიბლიოთეკა

ჭანურ-მეგრულ-ქართული შედარებითი ლექსიკონი / (ბიბ.ჩანაწერი № 52981)

000 -ლიდერი
ფიქსირებული სიგრძის საკონტროლო ველი 02017nam a2200289Ia 4500
001 - საკონტროლო ნომერი
საკონტროლო ველი 20012
003 - საკონტროლო ნომრის იდენტიფიკატორი
საკონტროლო ველი GE_BSU
005 - ბოლო ოპერაციის თარიღი და დრო
საკონტროლო ველი 20210112234603.0
008 - ფიქსირებული სიგრძის მონაცემთა ელემენტები - ზოგადი ინფორმაცია
ფიქსირებული სიგრძის საკონტროლო ველი 181216s1938||||ge |||||||||||||| ||geo||
040 ## - კატალოგიზაციის წყარო
Transcribing agency GE_BSU
041 ## - ენის კოდი
Language code of text/sound track or separate title geo
080 ## - უნივერსალური ათობითი კლასიფიკაციის ინდექსი
Universal Decimal Classification number 81'374.823=353.31=353.32=353.1 ჩ-69
100 ## - მთავარი ჩანაწერი - პიროვნების სახელი
Personal name ჩიქობავა, არნოლდ
9 (RLIN) 1234
245 ## - ცნობა სათაურის შესახებ
Title ჭანურ-მეგრულ-ქართული შედარებითი ლექსიკონი /
Statement of responsibility, etc არნოლდ ჩიქობავა ; რედ. სიმონ ჯანაშია.
264 ## - წარმოების, გამოცემის, დისტრიბუციის და სხვა ცნობები
გამოცემის, წარმოების, დისტრიბუციის... ადგილი თბილისი :
გამოცემის, წარმოების, დისტრიბუციის... სახელწოდება სსრკ მეცნ. აკად. საქ. ფილიალის გამ-ბა და სტ.,
გამოცემის, წარმოების, დისტრიბუციის... თარიღი 1938.
300 ## - ფიზიკური აღწერა
Extent XVIII, 508, [2] გვ. ;
Dimensions 21 სმ.
300 ## - ფიზიკური აღწერა
Other physical details დამატებითი თავფურცელი და რეზიუმე რუსულ-ფრანგულ ენებზე.
300 ## - ფიზიკური აღწერა
Dimensions ბიბლიოგრ.: "ლიტერატურა" შენიშვნებში.
490 ## - სერიის ცნობა
Series statement სსრკ მეცნიერებათა აკადემიის საქართველოს ფილიალი. ნ. მარის სახელობის ენის, ისტორიისა და მატერიალური კულტურის ინსტიტუტი
500 ## - ზოგადი შენიშვნა
General note დამატებითი თავფურცელი და რეზიუმე რუსულ-ფრანგულ ენებზე.
504 ## - BIBLIOGRAPHY, ETC. NOTE
Bibliography, etc ბიბლიოგრ. : "ლიტერატურა" შენიშვნებში
653 ## - INDEX TERM--UNCONTROLLED
Uncontrolled term ჭანურ-მეგრულ-ქართული შედარებითი ლექსიკონი
653 ## - INDEX TERM--UNCONTROLLED
Uncontrolled term შედარებითი ლექსიკონი
700 ## - ADDED ENTRY--PERSONAL NAME
Personal name ჯანაშია, სიმონ
Relator term რედაქტორი
9 (RLIN) 10036
942 ## - ADDED ENTRY ELEMENTS (KOHA)
Koha item type წიგნი
Source of classification or shelving scheme
ეგზემპლარები
ჩამოწერის სტატუსი დაკარგული ეგზემპლარის სტატუსი კლასიფიკაციის წყარო ან თაროზე გაწყობის სქემა დაზიანების სტატუსი არ გაიცემა მუდმივი მდებარეობა (დაცვის ადგილი) ამჟამინდელი ადგილსამყოფელი თაროზე განთავსების ადგილი შეძენის თარიღი ღირებულება, შესყიდვის ნორმალური ფასი სრული შენახვის შიფრი შტრიხკოდი ბოლო ოპერაციის თარიღი ეგზემპლარის მიმდევრობითი ნომერი (კეტერი?) ფასის ძალაში შესვლის თარიღი ეგზემპლარის სახეობა საჯარო შენიშვნა
          ბათუმის შოთა რუსთაველის სახელმწიფო უნივერსიტეტის მთავარი ბიბლიოთეკა ბათუმის შოთა რუსთაველის სახელმწიფო უნივერსიტეტის მთავარი ბიბლიოთეკა წიგნსაცავი 2018-12-17 3.00 81'374.823=353.31=353.32=353.1 ჩ-69 56635 2018-12-17 56635 2018-12-17 წიგნი 3.00 ₾.
          ბათუმის შოთა რუსთაველის სახელმწიფო უნივერსიტეტის მთავარი ბიბლიოთეკა ბათუმის შოთა რუსთაველის სახელმწიფო უნივერსიტეტის მთავარი ბიბლიოთეკა წიგნსაცავი 2018-12-17 3.00 81'374.823=353.31=353.32=353.1 ჩ-69 53518 2018-12-17 53518 2018-12-17 წიგნი 3.00 ლ.
          ბათუმის შოთა რუსთაველის სახელმწიფო უნივერსიტეტის მთავარი ბიბლიოთეკა ბათუმის შოთა რუსთაველის სახელმწიფო უნივერსიტეტის მთავარი ბიბლიოთეკა წიგნსაცავი 2023-08-02 3.00 81'374.823=353.31=353.32=353.1 ჩ-69 52736 2023-08-02 52736 2023-08-02 წიგნი 3.00 ₾.
          ბათუმის შოთა რუსთაველის სახელმწიფო უნივერსიტეტის მთავარი ბიბლიოთეკა ბათუმის შოთა რუსთაველის სახელმწიფო უნივერსიტეტის მთავარი ბიბლიოთეკა წიგნსაცავი 2023-08-02 3.00 81'374.823=353.31=353.32=353.1 ჩ-69 52940 2023-08-02 52940 2023-08-02 წიგნი 3.00 ₾.